Normal view
MARC view
Entry Personal Name
001 - CONTROL NUMBER
- control field: 30113
003 - CONTROL NUMBER IDENTIFIER
- control field: OSt
005 - DATE AND TIME OF LATEST TRANSACTION
- control field: 20211105135330.0
008 - FIXED-LENGTH DATA ELEMENTS
- fixed length control field: 211105|| aca||aabn | a|a d
040 ## - CATALOGING SOURCE
- Original cataloging agency: OSt
- Transcribing agency: OSt
100 ## - HEADING--PERSONAL NAME
- Personal name: Lugones, German, ed
670 ## - SOURCE DATA FOUND
- Source citation: Work cat.: (OSt): American Institute of Physics Conference Brazil 2004 Nov. 28- Dec. 3 30110, Magnetic fields in the universe-from laboratory and stars to primordial structures, 2005